Люминесцентные свойства алюмо-боро-силикатных стекол, допированных ионами тербия; Современные материалы и технологии новых поколений

التفاصيل البيبلوغرافية
Parent link:Современные материалы и технологии новых поколений.— 2019.— [С. 253-254]
المؤلف الرئيسي: Осипова А. Ю.
مؤلف مشترك: Национальный исследовательский Томский политехнический университет Инженерная школа новых производственных технологий Отделение материаловедения
مؤلفون آخرون: Валиев Д. Т. Дамир Талгатович
الملخص:Заглавие с экрана
اللغة:الروسية
منشور في: 2019
سلاسل:Химические технологии и биотехнологии
الموضوعات:
الوصول للمادة أونلاين:http://earchive.tpu.ru/handle/11683/56906
التنسيق: الكتروني فصل الكتاب
KOHA link:https://koha.lib.tpu.ru/cgi-bin/koha/opac-detail.pl?biblionumber=630533

MARC

LEADER 00000naa2a2200000 4500
001 630533
005 20240222112841.0
035 |a (RuTPU)RU\TPU\conf\31632 
035 |a RU\TPU\conf\31631 
090 |a 630533 
100 |a 20191114d2019 k y0rusy50 ca 
101 0 |a rus 
102 |a RU 
105 |a y z 101zy 
135 |a drcn ---uucaa 
181 0 |a i  
182 0 |a b 
200 1 |a Люминесцентные свойства алюмо-боро-силикатных стекол, допированных ионами тербия  |f А. Ю. Осипова, Д. Т. Валиев 
203 |a Текст  |c электронный 
225 1 |a Химические технологии и биотехнологии 
300 |a Заглавие с экрана 
320 |a [Библиогр.: с. 254 (4 назв.)] 
463 0 |0 (RuTPU)RU\TPU\conf\31468  |t Современные материалы и технологии новых поколений  |o сборник научных трудов II Международного молодежного конгресса, г. Томск, 30 сентября - 5 октября 2019 г.  |f Национальный исследовательский Томский политехнический университет, Инженерная школа новых производственных технологий ; под ред. А. Н. Яковлева [и др.]  |v [С. 253-254]  |d 2019 
610 1 |a электронный ресурс 
610 1 |a труды учёных ТПУ 
610 1 |a люминесцентные свойства 
610 1 |a силикатные стекла 
610 1 |a ионы тербия 
610 1 |a оксидные стекла 
610 1 |a рассеяние 
610 1 |a спектральные характеристики 
610 1 |a ионизирующие излучения 
700 1 |a Осипова  |b А. Ю. 
701 1 |a Валиев  |b Д. Т.  |c специалист в области материаловедения  |c доцент Томского политехнического университета, кандидат физико-математических наук  |f 1987-  |g Дамир Талгатович  |y Томск  |3 (RuTPU)RU\TPU\pers\30033  |9 14467 
712 0 2 |a Национальный исследовательский Томский политехнический университет  |b Инженерная школа новых производственных технологий  |b Отделение материаловедения  |3 (RuTPU)RU\TPU\col\23508 
801 2 |a RU  |b 63413507  |c 20191118  |g RCR 
856 4 |u http://earchive.tpu.ru/handle/11683/56906 
942 |c BK